000 00447nam a2200193Ia 4500
005 20250425161356.0
008 250425s9999 xx 000 0 und d
020 _a847214089X
041 _aspa
082 _a551.36
100 _aSELLEY, RICHARD C.
245 0 _aMEDIOS SEDIMENTARIOS ANTIGUOS
250 _a1A ED.
260 _aEspaƱa
_bH. BLUME EDICIONES
_c1976
260 _aMADRID
300 _a251
942 _c01
010 _a18907
999 _c207998
_d207998